000 00263nam a22001097a 4500
008 170116b xxu||||| |||| 00| 0 eng d
020 _a9780132431453
041 _aeng
080 _a618.2
245 _aADMINISTRATIVE MEDICAL ASSISTING
_cMALONE, CH
942 _2udc
_cBK
999 _c2928
_d2928